Экстраполяционная прогностика: классификационное и математическое моделирование в исторических и прогностических исследованиях

Chi tiết về thư mục
Tác giả chính: Гражданников Е. Д. Евгений Дмитриевич
Ngôn ngữ:Tiếng Nga
Được phát hành: Новосибирск, Наука, 1988
Những chủ đề:
Định dạng: MixedMaterials Sách
KOHA link:https://koha.lib.tpu.ru/cgi-bin/koha/opac-detail.pl?biblionumber=130029

MARC

LEADER 00000nam0a2200000 4500
001 130029
005 20231031133758.0
010 |a 5020290815 
020 |a RU  |b 88-64526 
035 |a (RuTPU)RU\TPU\book\140810 
090 |a 130029 
100 |a 20080130d1988 k a0rusy5003 ca 
101 0 |a rus 
102 |a RU 
105 |a y z 001zy 
200 1 |a Экстраполяционная прогностика  |e классификационное и математическое моделирование в исторических и прогностических исследованиях  |f Е. Д. Гражданников 
210 |a Новосибирск  |c Наука  |d 1988 
215 |a 141,[2] с.  |d 20 см 
320 |a Имен. указ.: с. 141-142. 
610 1 |a социальное прогнозирование 
610 1 |a экстраполяция 
610 1 |a история 
610 1 |a методология 
610 1 |a прогнозирование 
610 1 |a математические методы 
686 |a С55.373  |2 rubbk 
700 1 |a Гражданников  |b Е. Д.  |g Евгений Дмитриевич  |4 070 
801 0 |a RU  |b RuMRKP  |c 19950417  |g psbo 
801 1 |a RU  |b 63413507  |c 20080130  |g PSBO 
801 2 |a RU  |b 63413507  |c 20081030  |g PSBO 
942 |c BK